000 01062nam a22003377a 4500
001 0075
003 DO-SdBNP
005 20231030121546.0
007 0075
008 151103b2010 sp 00| 0 spa d
020 _a9788466785365
040 _aBPMSU
_bspa
_cBPMSU
041 1 7 _h
082 4 _a823.6
_bS545f 2010
_222
100 1 _a Shelley, Mary W.
_d1797-1851
245 1 0 _aFrankenstein o el verdadero Prometeo /
_cMary Wollstonegraft Shelley ; adaptación de Emilio Fontanilla Debesa ; ilustraciones de Luis Miguel Ybartz
246 1 4 _aFrankenstein
260 _aMadrid :
_bGrupo Anaya,
_c2010
300 _a167 p. :
_bil.,;
_c24 cm.
490 0 _aClásicos a medida
504 _a
534 _aTìtulo original :
_tFrankenstein or, The modern prometheus
590 _aInventariado, 2023/VM
650 4 _a Novela juvenil inglesa
650 4 _aNovela de ciencia ficción
700 1 _aYbartz, Luis Miguel
_eil.
700 1 _aFontanilla Debesa, Emilio
830 0 0 _a
_n
910 _aVMateo v. Control de calidad. BPMSU
942 _2ddc
_cBK
999 _c10540
_d10540